| 000 | 00490nam a2200181Ia 4500 | ||
|---|---|---|---|
| 005 | 20250326141227.0 | ||
| 008 | 250326s9999 xx 000 0 und d | ||
| 037 | _aTextbook | ||
| 040 |
_aFMSL _beng _cFMSL |
||
| 041 |
_aeng _2eng |
||
| 084 |
_aB28.44 N0 _qFMSL |
||
| 100 | _aINDIA | ||
| 245 | 0 |
_aIndian labour statistics, 1987-90 _cINDIA |
|
| 260 |
_aNew Delhi _bNew Delhi, Govt. of India _c1990 |
||
| 300 | _a465p | ||
| 942 |
_cTB _hB28.44 N0 |
||
| 999 |
_c1289317 _d1289317 |
||